The problems of European revival and German and Austrian peace settlements. (Record no. 89979)

MARC details
000 -LEADER
fixed length control field 01206cam a22002891 4500
001 - CONTROL NUMBER
control field sd 47000050
003 - CONTROL NUMBER IDENTIFIER
control field DLC
005 - DATE AND TIME OF LATEST TRANSACTION
control field 20260227112735.0
008 - FIXED-LENGTH DATA ELEMENTS--GENERAL INFORMATION
fixed length control field 831011s1947 dcu f000 0 eng c
010 ## - LIBRARY OF CONGRESS CONTROL NUMBER
LC control number sd 47000050
035 ## - SYSTEM CONTROL NUMBER
System control number (OCoLC)10002074
040 ## - CATALOGING SOURCE
Original cataloging agency U.S. Dept. of State. Libr.
Transcribing agency PBL
Modifying agency PBL
-- DLC
042 ## - AUTHENTICATION CODE
Authentication code premarc
050 00 - LIBRARY OF CONGRESS CALL NUMBER
Classification number HS240
Item number .M27
082 ## - DEWEY DECIMAL CLASSIFICATION NUMBER
Classification number 338.94
100 1# - MAIN ENTRY--PERSONAL NAME
Personal name Marshall, George C.
Fuller form of name (George Catlett),
Dates associated with a name 1880-1959.
245 14 - TITLE STATEMENT
Title The problems of European revival and German and Austrian peace settlements.
Statement of responsibility, etc. Address by the Secretary of State.
260 ## - PUBLICATION, DISTRIBUTION, ETC.
Place of publication, distribution, etc. [Washington,
Name of publisher, distributor, etc. U.S. Govt. Print. Off.,
Date of publication, distribution, etc. 1947]
300 ## - PHYSICAL DESCRIPTION
Extent 14 p.
Dimensions 20 cm.
490 1# - SERIES STATEMENT
Series statement United States. Dept. of State. Publication 2990. European series
Volume/sequential designation 31
500 ## - GENERAL NOTE
General note Cover title.
500 ## - GENERAL NOTE
General note "Delivered before a meeting sponsored jointly by the Chicago Council on Foreign Relations and the Chicago Chamber of Commerce in Chicago, Ill. on Nov. 18, 1947."
650 #0 - SUBJECT ADDED ENTRY--TOPICAL TERM
Topical term or geographic name entry element Reconstruction (1939-1951)
Geographic subdivision Europe.
651 #0 - SUBJECT ADDED ENTRY--GEOGRAPHIC NAME
Geographic name Germany
General subdivision Economic policy
Chronological subdivision 1945-1990.
710 1# - ADDED ENTRY--CORPORATE NAME
Corporate name or jurisdiction name as entry element United States.
Subordinate unit Department of State.
Title of a work European series,
Number of part/section/meeting 31.
810 1# - SERIES ADDED ENTRY--CORPORATE NAME
Corporate name or jurisdiction name as entry element United States.
Subordinate unit Department of State.
Title of a work Publication ;
Volume/sequential designation 2990.

No items available.

Powered by Koha